000 00809nam a2200205Ii 4500
003 JO-AjNU
008 230605s9999||||xx |||||||||||||| ||und||
040 _aJO-AjNU
_bara
_erda
_cJO-AjNU
041 _aara
050 1 4 _aBP144.I27 1979
100 3 _aابن تيميه ، تحقيق: زهير الشاويش,
_eauthor
_939225
245 0 0 _aالمسائل الماردينية في فقه الكتاب والسنة ورفع الحرج في العبادات والمعاملات
250 _aط3
264 3 1 _aبيروت،دمشق: المكتب الإسلامي، 1979
300 _a134ص
336 _atext
_btxt
_2rdacontent
337 _aunmediated
_bn
_2rdamedia
338 _avolume
_bnc
_2rdacarrier
650 4 _aالعبادات- فقه اسلامي- المعاملات- فقه اسلامي
_939226
999 _aA16549
_c20117
_d20117